000 00340nab a22001097u 4500
008 130520b1986 xxu||||| |||| 00| 0 spa d
041 _aspa
100 1 _aHossein Nasr, S.
_967366
245 0 0 _aEl cristianismo desde la perspectiva del islamismo
_cS. Hossein Nasr
773 0 _tConcilium
_gV.1,1986,págs.13-25
_x0210-1041
_wRev134
942 _cAR
999 _c355192
_d355192